Teens in motion Primero medio: teacher's book
Enregistré dans:
| Auteur principal: | |
|---|---|
| Format: | Livre |
| Langue: | anglais |
| Publié: |
Santiago
Ediciones Cal y Canto
2017
|
| Édition: | 1a. ed |
| Sujets: | |
| Tags: |
Ajouter un tag
Pas de tags, Soyez le premier à ajouter un tag!
|
MARC
| LEADER | 00000cam a2200000 a 4500 | ||
|---|---|---|---|
| 001 | UCD9813 | ||
| 003 | CL-VaPUC | ||
| 008 | 170709e20170000cl |||||||||||||||||eng|d | ||
| 020 | |a 9789563392241v.1 | ||
| 020 | |a 9789563392258v.2 | ||
| 082 | 0 | 4 | |a 418.00712 |b CAR |2 21 |
| 100 | 0 | |a Caro Opazo, Gloria |e author |9 593549 | |
| 245 | 1 | 0 | |a Teens in motion Primero medio: teacher's book |
| 250 | |a 1a. ed | ||
| 300 | |a v | ||
| 942 | |c BK | ||
| 945 | |d 20170709 17:01:00 |a dcastane | ||
| 260 | |a Santiago |b Ediciones Cal y Canto |c 2017 | ||
| 500 | |a Incluye CD con audio y material imprimible | ||
| 650 | 0 | |a Enseñanza de idiomas |9 339820 | |
| 650 | 0 | |a Enseñanza del inglés |9 367340 | |
| 650 | 0 | |a Educación lingüística |9 306506 | |
| 650 | 0 | |a Textos escolares |9 382843 | |
| 583 | |a last modification |c 20170709 17:01:00 |k Rodrigo Vera | ||
| 999 | |c 368832 |d 368830 | ||
| 952 | |0 0 |1 0 |3 erb |4 0 |6 418_007120000000000_CAR_2017 |7 0 |8 A |9 484276 |a BIBEDU |b BIBEDU |h v.1 |i 5405998 |o 418.00712 CAR 2017 |p 5405998 |r 2023-01-12 |w 2019-11-24 |y BK |z Catalogado en:20170709 |k EPE | ||
| 952 | |0 0 |1 0 |3 erb |4 0 |6 418_007120000000000_CAR_2017 |7 0 |8 A |9 484277 |a BIBEDU |b BIBEDU |h v.2 |i 5406005 |o 418.00712 CAR 2017 |p 5406005 |r 2023-01-12 |w 2019-11-24 |y BK |z Catalogado en:20170709 |k EPE | ||